Largest Cities in Chad - Statistics

General Stats
  • This quiz has been taken 3 times
  • The average score is 1 of 5
Answer Stats
Hint Answer % Correct
1 N'Djamena
100%
4 Abeche
33%
5 Kelo
0%
2 Mondou
0%
3 Sarh
0%
No matching quizzes found
Score Distribution
Percent of People with Each Score
Percentile by Number Answered
Your Score History
You have not taken this quiz